Principios de filosofía del arte griego

Salvato in:
Dettagli Bibliografici
Autore principale: Lomba Fuentes, Joaquín (autor)
Natura: Libro
Lingua:spagnolo
Pubblicazione: Barcelona Anthropos 1987
Serie:Colección Pensamiento Crítico. Pensamiento Utópico, 28
Soggetti:
Tags: Aggiungi Tag
Nessun Tag, puoi essere il primo ad aggiungerne!!

MARC

LEADER 00000nam a2200000 a 4500
001 UCZ7201
003 CL-VaPUC
008 951228e19870000SP |||||||||||||||||spa|d
082 0 4 |a 701  |b LOM  |2 21 
100 |a Lomba Fuentes, Joaquín  |e autor  |9 351975 
245 1 0 |a Principios de filosofía del arte griego 
300 |a 332 p 
942 |c BK 
945 |d 19951228 00:00:00  |a rleighto 
260 |a Barcelona  |b Anthropos  |c 1987 
600 0 7 |a PLATON  |2 CL-VaPUC  |9 222 
600 0 |a Aristóteles,  |d 384 a.C.- 322 a.C.  |9 194 
650 0 |a Arte  |9 265238 
650 0 |a Filosofía   |9 223554 
650 0 |a Naturaleza  |9 269656 
651 0 |a Grecia  |9 265314 
583 |a last modification  |c 19951228 00:00:00  |k Rodrigo Vera 
490 0 |a Colección Pensamiento Crítico. Pensamiento Utópico, 28 
999 |c 243310  |d 243308 
952 |0 0  |1 0  |4 0  |6 701_000000000000000_LOM_1987  |7 0  |8 A  |9 256880  |a BIBEDU  |b BIBEDU  |c ES_NOD  |d 2019-11-19  |i 3164624  |o 701 LOM 1987  |p 3164624  |r 2023-08-09  |w 2019-11-19  |y BK  |k FIL